A defence of ryme against a pamphlet entituled Obseruations in the art of English poesie, 1603 / (Record no. 26088)
[ view plain ]
| 000 -LEADER | |
|---|---|
| fixed length control field | 01143nam a22003012a 4500 |
| 001 - CONTROL NUMBER | |
| control field | 26088 |
| 003 - CONTROL NUMBER IDENTIFIER | |
| rucl marc code | BD-RjUL |
| 005 - DATE AND TIME OF LATEST TRANSACTION | |
| control field | 20211209050953.0 |
| 008 - FIXED-LENGTH DATA ELEMENTS--GENERAL INFORMATION | |
| fixed length control field | 140320r19661926stkh 000 1 eng d |
| 035 ## - SYSTEM CONTROL NUMBER | |
| System control number | (BD-RjUL)26158 |
| 040 ## - CATALOGING SOURCE | |
| Original cataloging agency | DLC |
| Transcribing agency | DLC |
| Modifying agency | BD-RjUL |
| Language of cataloging | eng |
| 041 ## - LANGUAGE CODE | |
| Language code of text/sound track or separate title | eng |
| 082 00 - DEWEY DECIMAL CLASSIFICATION NUMBER | |
| Classification number | 821.3 |
| Author mark and year | DAD 1966 |
| 100 1# - MAIN ENTRY--PERSONAL NAME | |
| Personal name | Daniel, Samuel, |
| Dates associated with a name | 1562-1619. |
| 9 (RLIN) | 80164 |
| 245 12 - TITLE STATEMENT | |
| Title | A defence of ryme against a pamphlet entituled Obseruations in the art of English poesie, 1603 / |
| Statement of responsibility, etc. | Samuel Daniel. Observations in the art of English poesie, 1602 by Thomas Campion. |
| 260 ## - PUBLICATION, DISTRIBUTION, ETC. (IMPRINT) | |
| Place of publication, distribution, etc. | Edinburgh : |
| Name of publisher, distributor, etc. | Edinburgh U.P, |
| Date of publication, distribution, etc. | 1926 [Reprinted 1966]. |
| 300 ## - PHYSICAL DESCRIPTION | |
| Pagination | 43, 45 p. : |
| Illustrations | facsims. ; |
| Size | 19 cm. |
| 650 #0 - SUBJECT ADDED ENTRY--TOPICAL TERM | |
| Topical term or geographic name as entry element | Poetry |
| Form subdivision | Early works to 1800. |
| 9 (RLIN) | 62996 |
| Topical term or geographic name as entry element | English language |
| General subdivision | Rhyme |
| 9 (RLIN) | 80165 |
| Topical term or geographic name as entry element | English language |
| General subdivision | Versification |
| 9 (RLIN) | 55559 |
| 700 12 - ADDED ENTRY--PERSONAL NAME | |
| Personal name | Campion, Thomas, |
| Dates associated with a name | 1567-1620. |
| 830 #0 - SERIES ADDED ENTRY--UNIFORM TITLE | |
| Volume number/sequential designation | 14 |
| 830 #0 - SERIES ADDED ENTRY--UNIFORM TITLE | |
| Uniform title | Elizabethan and Jacobean quartos ; |
| 942 ## - ADDED ENTRY ELEMENTS (KOHA) | |
| Source of classification or shelving scheme | Dewey Decimal Classification |
| Koha item type | Books |
| Lost status | Source of classification or shelving scheme | Damaged status | Not for loan | Collection code | Permanent Location | Current Location | Shelving location | Date acquired | Source of acquisition | Cost, normal purchase price | Total Checkouts | Full call number | Date last seen | Copy number | Koha item type |
|---|---|---|---|---|---|---|---|---|---|---|---|---|---|---|---|
| Dewey Decimal Classification | Added to bundle | Fiction | Central Library, University of Rajshahi | Central Library, University of Rajshahi | Reading Room | 24/06/1968 | Sweet & Zeitlinger | 21.00 | 821.3 DAD 1966 | 20/03/2014 | C-1 | Books |